MARC

LEADER 00000nam0a2200000 4500
001 307318
005 20231102002001.0
035 |a (RuTPU)RU\TPU\book\332611 
090 |a 307318 
100 |a 20151019d1983 km y0rusy50 ca 
101 0 |a rus 
102 |a UA 
105 |a a z 001zy 
200 1 |a Диэлектрические неоднородные волноводы оптического диапазона  |f Л. М. Андрушко 
210 |a Киев  |c Технiка  |d 1983 
215 |a 144 с.  |c ил. 
320 |a Библиогр.: с. 140-143 
606 1 |a Волноводы диэлектрические  |2 stltpush  |3 (RuTPU)RU\TPU\subj\3529  |9 31931 
606 1 |a Волоконная оптика  |x Оптические приборы  |2 stltpush  |3 (RuTPU)RU\TPU\subj\38281  |9 58931 
610 1 |a синтез 
610 1 |a дифференциальные уравнения 
610 1 |a характеристики 
610 1 |a плоские волноводы 
610 1 |a круглые волноводы 
610 1 |a неоднородные волноводы 
610 1 |a преломление 
610 1 |a обратные задачи 
610 1 |a задачи Штурма-Лиувилля 
675 |a 621.372.82  |v 4 
675 |a 681.7.068  |v 4 
700 1 |a Андрушко  |b Л. М.  |g Леонид Михайлович 
801 1 |a RU  |b 63413507  |c 20151019 
801 2 |a RU  |b 63413507  |c 20190516  |g RCR 
942 |c BK